Responses for Show #8174 - Thursday, March 5, 2020

Paul Trifiletti game 2.

Contestants

[<< previous game]

Zahkia Mendoza, a marketing analyst from Canton, Michigan

Wes Hom, a stay-at-home dad from San Francisco, California

Paul Trifiletti, an attorney from Athens, Georgia (whose 1-day cash winnings total $21,000)

[next game >>]

Jeopardy! Round responses

HOLD MY BEER
CHILDREN'S BOOKS
SINGERS NOT SINGING
"C" AS IN SEIZE
CONTINENTAL
CONGRESS
    $200 2
(Alex: And I would also have accepted, "What is my refrigerator?")
[Laughter]

a case

Paul
    $200 6
Curious George

Wes
    $200 23
Miley Cyrus

Zahkia
    $200 27
a clutch

Zahkia
    $200 17
North America

Wes
    $200 1
two-thirds

Wes
    $400 11
a stein

Triple Stumper
    $400 7
Type

Wes
    $400 24
Rihanna

Zahkia
    $400 4
a clasp

Zahkia
    $400 18
Australia

Zahkia
    $400 3
naturalization

Wes
    $600 12
a keg

Wes
    $600 8
Junie B. Jones

Triple Stumper
    $600 25
Camila Cabello

Zahkia
    $600 5
clinch

Wes
    $600 19
Africa

Paul
    $600 14
standing

Paul
    $800 13
a flight

Paul
    $800 9
Pippi Longstocking

Wes
    $800 26
(Alex: Yes. Less than a minute now.)

Elvis Presley

Paul
    $800 28
commandeer

Paul
    $800 20
(Alex: Yes, Vatican City.)

Europe

Paul
    $1,200 15
Philadelphia

Paul
    $1000 22
a pilsner

Zahkia
    $1000 10
The Bad Seed

Triple Stumper
    $1000 30
Blink-182

Zahkia
    $1000 29
a collar

Zahkia
    $1000 21
(Zahkia: What is Asia?)
(Wes: What's Australia?)

South America

PaulWesZahkia
    $1000 16
Congress raising its own pay

Paul

Scores at the first commercial break (after clue 15):

Paul Wes Zahkia
$2,800 $3,200 $400

Scores at the end of the Jeopardy! Round:

Paul Wes Zahkia
$7,800 $2,400 $4,200

Double Jeopardy! Round responses

THE COLD WAR
NEAT ANIMAL STUFF
GET SCHOOLED
RETRO PHRASES
MONUMENTS & MEMORIALS
THE MEG
    $400 6
the Berlin Wall

Paul
    $400 29
[The end-of-round signal sounds.]

a camel

Zahkia
    $400 1
Jefferson Davis

Zahkia
    $400 11
India

Zahkia
    $400 20
Meg Ryan

Wes
    $800 7
a U-2

Wes
    $800 28
pupils

Paul
    $800 2
the Culinary Institute of America

Zahkia
    $800 17
boogie

Paul
    $800 12
(Zahkia: What is World War II?)

the Vietnam War

WesZahkia
    $800 23
Meg (Meghan) McCain

Wes
    $1200 8
destruction

Paul
    $1200 27
(Alex: Yeah. Scary stuff.)

cockroaches

Wes
    $1,200 3
(Zahkia: What is Fancy English School?)
[Laughter]

Eton

Zahkia
    $1200 15
the flip side

Zahkia
    $1200 18
Pope John Paul II

Paul
    $1200 24
(Alex: Yes, less than a minute now.)

Megyn Kelly

Zahkia
    $1600 9
(Zahkia: What is the Czech Republic?)

Czechoslovakia

WesZahkia
    $1600 21
an arctic fox

Wes
    $1600 4
(Wes: What's Harvard?)

Cal (University of California in Berkeley)

Wes
Triple Stumper
    $1600 14
rays

Wes
    $2,000 19
King Louis XVI & Marie-Antoinette

Paul
    $1600 25
Meghan Trainor

Zahkia
    $2000 10
perestroika

Paul
    $2000 22
dung beetles

Paul
    $2000 5
the Triangle Shirtwaist fire

Paul
    $2000 16
a solid

Zahkia
    $2000 13
Francisco Franco

Zahkia
    $2000 26
Megan Mullally

Wes

Scores at the end of the Double Jeopardy! Round:

Paul Wes Zahkia
$20,200 $11,600 $10,600

[wagering suggestions for these scores]

Final Jeopardy! Round responses

BRITISH NOVELS
ZahkiaWhat is Frankenstein?
$0
WesWhat is ?
$8,601
PaulWhat is Shutter Island?
$3,001
The Island of Doctor Moreau

Final scores:

Paul Wes Zahkia
$17,199 $2,999 $10,600
2-day champion: $38,199 3rd place: $1,000 2nd place: $2,000

Game dynamics:

Coryat scores:

Paul Wes Zahkia
$19,400 $11,600 $11,800
19 R
(including 2 DDs),
0 W
17 R,
2 W
18 R,
4 W
(including 1 DD)

Combined Coryat: $42,800

[game clues] [game scores] [suggest correction]

Game tape date: 2020-01-07
The J! Archive is created by fans, for fans. Scraping, republication, monetization, and malicious use prohibited; this site may use cookies and collect identifying information. See terms. The Jeopardy! game show and all elements thereof, including but not limited to copyright and trademark thereto, are the property of Jeopardy Productions, Inc. and are protected under law. This website is not affiliated with, sponsored by, or operated by Jeopardy Productions, Inc. Join the discussion at JBoard.tv.